000 00920nam a22002897a 4500
001 BR2014001195
003 BR-BrBNA
005 20230928104352.0
007 ta
008 230509b bl.||||| |||| 00| 0 por d
040 _aBR-BrBNA
_bpor
_cBiblioteca Nacional de Agricultura
041 _a(Por)
072 _aP01
090 _ P01 BR2014001195
100 1 _aMotta, D.M. (org.)
100 1 _aPêgo, B. (org.)
110 1 _aInstituto de Pesquisa Econômica Aplicada, Rio de Janeiro, RJ (Brasil)
_96126
245 1 _aLicenciamento ambiental para o desenvolvimento urbano: avaliação de instrumentos e procedimentos
260 3 _aRio de Janeiro, RJ (Brasil):
_c2013.
300 _a724p.
500 _aIncludes several bibliographies; 104 illus.; 185 tables
650 _aMEIO AMBIENTE
650 _aURBANIZAÇÃO
650 _aPOLÍTICAS PÚBLICAS
909 _a202309
_bLucia
_c55
_dLucia Elande
942 _cBK
999 _c79539
_d79539